000 00313nam a22001337a 4500
008 170322b xxu||||| |||| 00| 0 eng d
020 _a9780683306934
041 _aeng
080 _23 ED
_a616.12-008-073
100 _a7
101 _aSHM
245 _aCLINICAL ELECTROPHYSIOLOGY
_cJOSEPHSON.M.E
942 _2udc
_cBK
999 _c8335
_d8335